[Event "BL 8990 Kirchheim-Hofheim"]
[Site "?"]
[Date "1990.??.??"]
[Round "?.5"]
[White "Haubt, G."]
[Black "Vonthron, H."]
[Result "0-1"]
[WhiteElo "2295"]
[BlackElo "2385"]
[PlyCount "118"]
[EventDate "1990.??.??"]

1. e4 d6 2. d4 c6 3. Nc3 g6 4. Be3 Bg7 5. Qd2 b5 6. h4 h5 7. f3 Nd7 8. Nh3 Nb6
9. Ng5 Nf6 10. Nd1 O-O 11. Nf2 e5 12. dxe5 dxe5 13. Qc3 Na4 14. Qb3 a6 15. Be2
Qe7 16. O-O Nh7 17. c4 Bf6 18. Nxh7 Kxh7 19. g3 Nc5 20. Qa3 Ne6 21. Qxe7 Bxe7
22. Rfd1 b4 23. Nd3 f6 24. f4 exf4 25. gxf4 c5 26. Ne1 Ra7 27. a3 bxa3 28. Rxa3
Nd4 29. Bf1 Rd8 30. Rad3 Bg4 31. Ra1 f5 32. e5 Bxh4 33. Bf2 Bxf2+ 34. Kxf2 Rb8
35. Ra2 Ne6 36. Ke3 g5 37. fxg5 Kg6 38. Rd6 Kxg5 39. Nf3+ Bxf3 40. Rxe6 Rb3+
41. Kf2 Kf4 42. Be2 Rg7 43. Bf1 Rgb7 44. Re8 Rxb2+ 45. Rxb2 Rxb2+ 46. Kg1 Bg4
47. e6 Kg3 48. Rd8 f4 49. e7 f3 50. Rf8 Rb8 51. Bd3 Re8 52. Rxe8 f2+ 53. Kf1
Bh3+ 54. Ke2 f1=Q+ 55. Kd2 Qf7 56. Rh8 Qxe7 57. Rxh5 Bg4 58. Rd5 Bf3 59. Rf5
Be4 0-1

[Event "BL 8990 Kirchheim-Hofheim"]
[Site "?"]
[Date "1990.??.??"]
[Round "?.7"]
[White "Schroeder, C."]
[Black "Biebinger, G."]
[Result "1/2-1/2"]
[WhiteElo "2255"]
[BlackElo "2290"]
[PlyCount "160"]
[EventDate "1990.??.??"]

1. e4 e6 2. d4 d5 3. Nc3 Nf6 4. exd5 Nxd5 5. Ne4 Be7 6. Nf3 O-O 7. Bd3 Nd7 8.
O-O Nb4 9. Be2 b6 10. c3 Nd5 11. Bd3 Bb7 12. Qc2 c5 13. dxc5 bxc5 14. Ng3 N7f6
15. Ne5 Qc7 16. Re1 a5 17. Qe2 Rad8 18. Bd2 Bd6 19. Rad1 Ba8 20. Bc1 Rb8 21.
Nh5 Nxh5 22. Qxh5 Nf6 23. Qe2 Rfd8 24. f4 g6 25. Rf1 Bf8 26. Bc2 Bg7 27. Rxd8+
Rxd8 28. Rd1 Rxd1+ 29. Qxd1 h5 30. Qe2 Qb7 31. Nc4 Qa7 32. h3 Bd5 33. a4 h4 34.
Ne3 Be4 35. Bxe4 Nxe4 36. Qb5 Qa8 37. Qd3 Ng3 38. Nf1 Nh5 39. Be3 Bh6 40. Qd6
Bf8 41. Qe5 Qb7 42. Bf2 Be7 43. c4 Bf6 44. Qxc5 Nxf4 45. Ne3 Qe4 46. Qxa5 Bd4
47. Qd8+ Kh7 48. Qxh4+ Kg7 49. g3 Bxe3 50. gxf4 Bxf4 51. Qd8 e5 52. Qd5 Qb1+
53. Kg2 Qxb2 54. a5 Qa2 55. Kg1 g5 56. Qb5 Qa3 57. Kg2 Qd3 58. Qc5 Qe4+ 59. Kg1
Qf3 60. Qc8 Be3 61. Bxe3 Qxe3+ 62. Kg2 Qd2+ 63. Kf1 e4 64. Qf5 Qd3+ 65. Ke1 f6
66. a6 Qb1+ 67. Ke2 Qa2+ 68. Ke1 Qb1+ 69. Ke2 Qc2+ 70. Ke1 Qc3+ 71. Kd1 Qd4+
72. Ke1 Qc3+ 73. Kd1 Qa1+ 74. Ke2 Qb2+ 75. Kd1 Qa1+ 76. Ke2 Qa2+ 77. Ke1 Qxa6
78. Qxe4 Qa3 79. Qe6 Qd3 80. Kf2 Qd4+ 1/2-1/2

[Event "BL 8990 Kirchheim-Hofheim"]
[Site "?"]
[Date "1990.??.??"]
[Round "?.8"]
[White "Messmer, M."]
[Black "Kaulfuss, H."]
[Result "1/2-1/2"]
[WhiteElo "2290"]
[BlackElo "2225"]
[PlyCount "96"]
[EventDate "1990.??.??"]

1. d4 Nc6 2. Nf3 d6 3. e4 Nf6 4. Nc3 Bg4 5. Bb5 a6 6. Bxc6+ bxc6 7. h3 Bd7 8.
O-O g6 9. Bg5 Bg7 10. Re1 h6 11. Bf4 O-O 12. Qd3 Qb8 13. b3 Qb6 14. Rad1 Rfe8
15. Be3 Qa5 16. Bd2 Qb6 17. Be3 Qa5 18. Bd2 Qh5 19. Ne2 Qb5 20. c4 Qb7 21. Ng3
Nh7 22. Be3 Nf8 23. Qd2 Kh7 24. Nh2 a5 25. Rb1 Qb4 26. Nf3 Qxd2 27. Bxd2 Ne6
28. Be3 Reb8 29. Ne2 Rb7 30. Rec1 Rab8 31. Bd2 Ra8 32. Be3 Rab8 33. Bd2 c5 34.
d5 Nd8 35. Bc3 a4 36. Bxg7 Kxg7 37. Nd2 g5 38. Nc3 a3 39. f3 f6 40. Nd1 Nf7 41.
Nf2 Ne5 42. Rc3 e6 43. Nd3 exd5 44. Nxe5 fxe5 45. cxd5 Kf6 46. Nc4 Ra7 47. Kf2
Rb4 48. Kg3 Ra8 1/2-1/2

[Event "BL 8990 Sindelfingen-Heidelberg"]
[Site "?"]
[Date "1990.??.??"]
[Round "?.1"]
[White "Ostl, A."]
[Black "Darga, K."]
[Result "1/2-1/2"]
[WhiteElo "2335"]
[BlackElo "2470"]
[PlyCount "56"]
[EventDate "1990.??.??"]

1. Nf3 Nf6 2. d4 e6 3. Bf4 b6 4. e3 Bb7 5. h3 Be7 6. Nbd2 O-O 7. Bd3 c5 8. c3
d5 9. O-O Nbd7 10. Qe2 Ne4 11. Ne5 Nxe5 12. dxe5 Nxd2 13. Qxd2 f5 14. exf6 Bxf6
15. Qc2 h6 16. c4 e5 17. Bh7+ Kh8 18. Bh2 e4 19. Bg6 Qe7 20. cxd5 Bxd5 21. Rad1
Rad8 22. Rd2 Qe6 23. Rfd1 Be7 24. Bc7 Rd7 25. Bf4 Rfd8 26. Bh5 Bc6 27. b3 Rxd2
28. Rxd2 Rxd2 1/2-1/2

[Event "BL 8990 Sindelfingen-Heidelberg"]
[Site "?"]
[Date "1990.??.??"]
[Round "?.2"]
[White "Mohr, S."]
[Black "Mack, P."]
[Result "1-0"]
[WhiteElo "2485"]
[BlackElo "2305"]
[PlyCount "51"]
[EventDate "1990.??.??"]

1. d4 Nf6 2. c4 e6 3. Nc3 d5 4. cxd5 exd5 5. Bg5 Be7 6. e3 c6 7. Qc2 Ne4 8.
Bxe7 Qxe7 9. Nxd5 cxd5 10. Qxc8+ Qd8 11. Bb5+ Nc6 12. Bxc6+ bxc6 13. Qxc6+ Ke7
14. Ne2 Qa5+ 15. Nc3 Nxc3 16. Qxc3 Qxc3+ 17. bxc3 Rab8 18. O-O-O Rhc8 19. Kc2
Rb6 20. Rb1 Rbc6 21. Rb3 R8c7 22. Re1 Rh6 23. h3 Rg6 24. g3 f5 25. Ra3 Rgc6 26.
h4 1-0

[Event "BL 8990 Sindelfingen-Heidelberg"]
[Site "?"]
[Date "1990.??.??"]
[Round "?.3"]
[White "Steinbacher, M."]
[Black "Rajkovic, D."]
[Result "0-1"]
[WhiteElo "2325"]
[BlackElo "2465"]
[PlyCount "56"]
[EventDate "1990.??.??"]

1. d4 Nf6 2. c4 e6 3. Nf3 b6 4. Nc3 Bb4 5. Qb3 a5 6. a3 Bxc3+ 7. Qxc3 Bb7 8. g3
O-O 9. Bg2 c5 10. Be3 Qc7 11. O-O d6 12. Rfd1 Nbd7 13. Rac1 a4 14. dxc5 bxc5
15. Ne1 Bxg2 16. Nxg2 Rfb8 17. f3 Rb3 18. Qd2 Ra6 19. Rc3 Qb8 20. Rxb3 Qxb3 21.
Rc1 h6 22. Qc2 Qb7 23. Bd2 Rb6 24. Bc3 Rb3 25. Nf4 Ne8 26. Kf2 Ne5 27. Rd1 Nxc4
28. Bxg7 Ne3 0-1

[Event "BL 8990 Sindelfingen-Heidelberg"]
[Site "?"]
[Date "1990.??.??"]
[Round "?.4"]
[White "Fahnenschmidt, G."]
[Black "Neurohr, S."]
[Result "1/2-1/2"]
[WhiteElo "2405"]
[BlackElo "2325"]
[PlyCount "71"]
[EventDate "1990.??.??"]

1. d4 Nf6 2. c4 g6 3. Nc3 Bg7 4. e4 O-O 5. Nf3 d6 6. Be2 e5 7. O-O Nc6 8. d5
Ne7 9. Ne1 Nd7 10. Nd3 f5 11. Bd2 Nf6 12. f3 f4 13. c5 g5 14. cxd6 cxd6 15. Nf2
Ng6 16. Qc2 h5 17. h3 Rf7 18. Rfc1 g4 19. fxg4 hxg4 20. hxg4 Ne8 21. a4 Bf6 22.
Ncd1 Bh4 23. Ra3 Bg3 24. Rc3 Bd7 25. Nh3 Qh4 26. Ndf2 Rh7 27. Be1 f3 28. Bxf3
Nf4 29. Kf1 Nxh3 30. Nxh3 Nf6 31. Bxg3 Qxg3 32. Qf2 Qh2 33. Qg1 Qg3 34. Qf2 Qh2
35. Qg1 Qg3 36. Qf2 1/2-1/2

[Event "BL 8990 Sindelfingen-Heidelberg"]
[Site "?"]
[Date "1990.??.??"]
[Round "?.5"]
[White "Grathwohl, R."]
[Black "Kraut, R."]
[Result "0-1"]
[WhiteElo "2360"]
[BlackElo "2380"]
[PlyCount "70"]
[EventDate "1990.??.??"]

1. Nf3 d5 2. b3 Bg4 3. e3 Nd7 4. Bb2 e6 5. Be2 Ngf6 6. O-O Bd6 7. c4 c6 8. d3
Qe7 9. Nbd2 O-O 10. a3 a5 11. Re1 Rfd8 12. Qc2 e5 13. e4 dxe4 14. dxe4 Bxf3 15.
Nxf3 Bc5 16. Bf1 Ne8 17. g3 f6 18. Bh3 Nf8 19. Re2 Nc7 20. Rd2 Nce6 21. Rxd8
Rxd8 22. Bc3 Nd4 23. Nxd4 exd4 24. Bxa5 b6 25. Bd2 d3 26. Qd1 Qxe4 27. Bg2 Qe2
28. Be1 Qe6 29. Ra2 Ng6 30. Bc3 Qf5 31. Bxc6 d2 32. Bf3 Qxf3 33. Qxf3 d1=Q+ 34.
Qxd1 Rxd1+ 35. Kg2 Rd3 0-1

[Event "BL 8990 Sindelfingen-Heidelberg"]
[Site "?"]
[Date "1990.??.??"]
[Round "?.6"]
[White "Werner, Marc"]
[Black "Pirrot, D."]
[Result "0-1"]
[WhiteElo "2360"]
[BlackElo "2355"]
[PlyCount "52"]
[EventDate "1990.??.??"]

1. e4 e5 2. Nf3 Nc6 3. Bc4 Bc5 4. c3 Nf6 5. b4 Bb6 6. d3 d6 7. a4 a5 8. b5 Ne7
9. Nbd2 O-O 10. O-O Ng6 11. Bb3 c6 12. d4 Bg4 13. Bb2 exd4 14. cxd4 d5 15. exd5
cxd5 16. Bc2 Nf4 17. Re1 Re8 18. Qb1 Rxe1+ 19. Qxe1 Rc8 20. Bb1 Qd6 21. h3 Re8
22. Qd1 Bh5 23. Qb3 Ne4 24. Qe3 f5 25. Ba3 Qh6 26. Nf1 Nc3 0-1

[Event "BL 8990 Sindelfingen-Heidelberg"]
[Site "?"]
[Date "1990.??.??"]
[Round "?.7"]
[White "Zuse, P."]
[Black "Bialas, W."]
[Result "1-0"]
[WhiteElo "2305"]
[BlackElo "2370"]
[PlyCount "101"]
[EventDate "1990.??.??"]

1. e4 c5 2. Nf3 Nc6 3. d4 cxd4 4. Nxd4 g6 5. c4 Bg7 6. Nc2 b6 7. f4 d6 8. Bd3
Nf6 9. O-O O-O 10. Bd2 Re8 11. Nc3 Bb7 12. Qe2 e6 13. Rad1 Qd7 14. Be1 e5 15.
f5 Nd4 16. Qd2 gxf5 17. exf5 e4 18. Nxd4 exd3 19. Qxd3 Ng4 20. Qg3 Nf6 21. Ndb5
d5 22. cxd5 a6 23. Nd4 Kh8 24. Nde2 b5 25. b4 Rac8 26. Qf3 Rc4 27. a3 Ng4 28.
Bd2 Qd6 29. Bf4 Qb6+ 30. Kh1 Ne3 31. f6 Bf8 32. Bxe3 Rxe3 33. Qh5 Qc7 34. Rf3
Re5 35. Qh3 Bc8 36. Qg3 Rg4 37. Qf2 Rh5 38. h3 Bd6 39. Rd4 Rxd4 40. Nxd4 Be5
41. Nc6 Bxc3 42. Rxc3 Rxd5 43. Qf3 Qd6 44. Rc1 Be6 45. Ne7 Rd3 46. Qa8+ Qd8 47.
Qxd8+ Rxd8 48. Rc6 Rd1+ 49. Kh2 Rf1 50. Rxa6 Rxf6 51. Rb6 1-0

[Event "BL 8990 Zehlendorf-Kirchheim"]
[Site "?"]
[Date "1990.??.??"]
[Round "?.1"]
[White "Adorjan, A."]
[Black "Tal, M."]
[Result "1/2-1/2"]
[WhiteElo "2530"]
[BlackElo "2585"]
[PlyCount "25"]
[EventDate "1990.??.??"]

1. c4 c5 2. g3 g6 3. Bg2 Bg7 4. Nc3 Nc6 5. e3 e6 6. Nge2 Nge7 7. O-O O-O 8. d4
cxd4 9. Nxd4 d5 10. cxd5 Nxd4 11. exd4 Nxd5 12. Nxd5 exd5 13. Qb3 1/2-1/2

[Event "BL 8990 Zehlendorf-Kirchheim"]
[Site "?"]
[Date "1990.??.??"]
[Round "?.2"]
[White "Hulak, K."]
[Black "Graf, J."]
[Result "1/2-1/2"]
[WhiteElo "2550"]
[BlackElo "2425"]
[PlyCount "147"]
[EventDate "1990.??.??"]

1. d4 Nf6 2. c4 g6 3. g3 Bg7 4. Bg2 O-O 5. Nf3 d6 6. O-O Nc6 7. Nc3 a6 8. d5
Na5 9. Nd2 Nd7 10. Qc2 Ne5 11. b3 c6 12. Bb2 b5 13. h3 Bb7 14. cxb5 cxd5 15.
bxa6 Bxa6 16. Bxd5 Rc8 17. Qd1 e6 18. Bg2 d5 19. Na4 Qe7 20. Nf3 Nxf3+ 21. Bxf3
Bxb2 22. Nxb2 Qa3 23. Na4 Rfd8 24. Qd4 Nc6 25. Qf6 e5 26. Nb6 Rd6 27. Qh4 Rcd8
28. Nxd5 Rxd5 29. Bxd5 Rxd5 30. Qe4 Qd6 31. Rfe1 Rd4 32. Qe3 Nb4 33. Qc3 Bb7
34. Kh2 Rd2 35. a3 Na2 36. Qe3 Qd5 37. Rg1 Qd4 38. Qxd4 exd4 39. Rgd1 Rxe2 40.
Kg1 Bd5 41. Rxd4 Bxb3 42. a4 Be6 43. a5 Re5 44. Ra4 Nc3 45. Rb4 Na2 46. Ra4 Nc3
47. R4a3 Nb5 48. Rd3 Kg7 49. a6 Rc5 50. Rd8 Na7 51. Ra8 Rc7 52. g4 Bc8 53. Kh2
Kf6 54. Kg3 Ke7 55. f3 Be6 56. Rh8 Nc6 57. Rb1 Kd6 58. Rb7 Rxb7 59. axb7 Kc7
60. Rxh7 Kxb7 61. Kf4 Kc7 62. Kg5 Kd6 63. Kf6 Ne5 64. f4 Nd7+ 65. Kg5 Ke7 66.
f5 gxf5 67. gxf5 Bb3 68. h4 Nf6 69. Rh8 Ne4+ 70. Kf4 Nd6 71. Ra8 Bc2 72. Ra7+
Kf6 73. Ra6 Ke7 74. Ra7+ 1/2-1/2

[Event "BL 8990 Zehlendorf-Kirchheim"]
[Site "?"]
[Date "1990.??.??"]
[Round "?.4"]
[White "Cladouras, P."]
[Black "Vonthron, H."]
[Result "0-1"]
[WhiteElo "2425"]
[BlackElo "2385"]
[PlyCount "118"]
[EventDate "1990.??.??"]

1. e4 g6 2. d4 Bg7 3. Nf3 d6 4. Bd3 Bg4 5. c3 e5 6. dxe5 dxe5 7. h3 Bxf3 8.
Qxf3 Nf6 9. O-O O-O 10. Bg5 h6 11. Bh4 g5 12. Bg3 Nh5 13. Na3 Nf4 14. Rad1 Nc6
15. Ba6 Qc8 16. Bc4 Na5 17. Bb5 Qe6 18. b4 Nc6 19. Bc4 Qf6 20. Kh1 Rad8 21. Nc2
Ne7 22. Qe3 Qc6 23. Bb3 b6 24. Qf3 Rd6 25. Rxd6 cxd6 26. Rd1 Kh8 27. Bxf4 exf4
28. Nd4 Bxd4 29. Rxd4 Ng6 30. Qd3 Ne5 31. Qd2 Rd8 32. Rd5 f6 33. Qd4 Kg7 34. b5
Qc7 35. Qb4 h5 36. Rd1 Qd7 37. Kh2 g4 38. Rg1 h4 39. Qd4 g3+ 40. Kh1 Nf3 41.
Qd5 Nxg1 42. Kxg1 Re8 43. Kf1 Kh6 44. a4 gxf2 45. Qd4 Qg7 46. Kxf2 Qg5 47. Bd5
Qe5 48. Qd2 Re7 49. Kf3 Kg5 50. c4 f5 51. Qd3 fxe4+ 52. Bxe4 Kf6 53. Qc2 Rg7
54. Kf2 Qd4+ 55. Kf1 Rc7 56. Bc6 Re7 57. Bf3 Re3 58. Be2 Ra3 59. Bd1 Rc3 0-1

[Event "BL 8990 Zehlendorf-Kirchheim"]
[Site "?"]
[Date "1990.??.??"]
[Round "?.6"]
[White "Vogel, R."]
[Black "Biebinger, G."]
[Result "1/2-1/2"]
[WhiteElo "2320"]
[BlackElo "2290"]
[PlyCount "152"]
[EventDate "1990.??.??"]

1. d4 Nf6 2. c4 c5 3. d5 d6 4. Nc3 e5 5. e4 Be7 6. g3 O-O 7. Bg2 Na6 8. Nge2
Nc7 9. O-O Rb8 10. a4 b6 11. b3 a6 12. Qd3 Qe8 13. Bd2 Bd8 14. h3 h6 15. Nd1 b5
16. Ne3 Nh7 17. f4 Bf6 18. f5 Bg5 19. h4 Bxe3+ 20. Qxe3 Qe7 21. axb5 axb5 22.
Ra7 Bb7 23. Rfa1 b4 24. R1a4 Na8 25. Bf3 Nb6 26. Ra1 Ra8 27. Qf2 Rxa7 28. Rxa7
Ra8 29. Rxa8+ Nxa8 30. g4 f6 31. Kg2 Qd8 32. Be3 Qa5 33. Ng1 Nc7 34. Bd1 Qa1
35. Qe2 Ne8 36. Nf3 Bc8 37. Bc2 Bd7 38. Kh2 Qb2 39. Qg2 Qc3 40. Qe2 Qb2 41. Qg2
Qc3 42. Bc1 Qa1 43. Bd2 Qb2 44. Ne1 Qa2 45. Kg1 Qb2 46. Kf1 Qa1 47. Ke2 Qb2 48.
Kd1 Qa1+ 49. Bc1 Nc7 50. Nd3 Qa5 51. Bb2 Ne8 52. Kc1 Nc7 53. Kb1 Na6 54. Ne1
Qd8 55. Nf3 Nc7 56. Bc1 Ne8 57. Bd1 Kf8 58. Qa2 Kg8 59. Be2 Kf8 60. Qa7 Qc7 61.
Qa8 Qc8 62. Qa2 Qd8 63. Be3 Ke7 64. g5 fxg5 65. hxg5 hxg5 66. Nxg5 Nxg5 67.
Bxg5+ Nf6 68. Bf3 Qh8 69. Qg2 Be8 70. Qg3 Bf7 71. Qh4 Qxh4 72. Bxh4 g6 73. fxg6
Bxg6 74. Kc2 Kf7 75. Kd3 Bh5 76. Ke3 Bg6 1/2-1/2

[Event "BL 8990 Zehlendorf-Kirchheim"]
[Site "?"]
[Date "1990.??.??"]
[Round "?.7"]
[White "Schindler, W."]
[Black "Lieb, H."]
[Result "1/2-1/2"]
[WhiteElo "2295"]
[BlackElo "2250"]
[PlyCount "91"]
[EventDate "1990.??.??"]

1. Nf3 Nf6 2. c4 g6 3. g3 Bg7 4. Bg2 O-O 5. O-O d6 6. Nc3 Nc6 7. d3 e5 8. Rb1
a5 9. a3 Re8 10. Nd2 Nh5 11. Nd5 f5 12. b4 axb4 13. axb4 Nd4 14. b5 Ne6 15. Bb2
Nf6 16. Ra1 Rb8 17. Nxf6+ Bxf6 18. Ra7 Nc5 19. Nb3 Nxb3 20. Qxb3 Kg7 21. Qa2 h5
22. Ra8 Rxa8 23. Qxa8 b6 24. Bb7 Bxb7 25. Qxb7 e4 26. Bxf6+ Kxf6 27. h4 g5 28.
hxg5+ Kxg5 29. Qd5 Kg6 30. Kg2 Re5 31. Qd4 h4 32. Rg1 hxg3 33. Kf1 Kf7 34. dxe4
gxf2 35. Qxf2 Qf6 36. Qg2 fxe4+ 37. Ke1 Qh4+ 38. Kd1 Qh7 39. Qg4 Ke7 40. Qc8
Rc5 41. Rg8 Qh1+ 42. Kd2 e3+ 43. Kxe3 Qc1+ 44. Kf2 Qf4+ 45. Ke1 Qc1+ 46. Kf2
1/2-1/2

[Event "BL 8990 Lasker-Sindelfingen"]
[Site "?"]
[Date "1990.??.??"]
[Round "?.1"]
[White "Mohr, S."]
[Black "Brunner, L."]
[Result "1-0"]
[WhiteElo "2485"]
[BlackElo "2505"]
[PlyCount "116"]
[EventDate "1990.??.??"]

1. d4 Nf6 2. c4 e6 3. Nc3 Bb4 4. Qc2 O-O 5. a3 Bxc3+ 6. Qxc3 b6 7. Bg5 Bb7 8.
f3 h6 9. Bh4 d5 10. e3 Nbd7 11. Nh3 c5 12. cxd5 exd5 13. Bb5 g5 14. Bg3 cxd4
15. Qxd4 Nc5 16. Rd1 Ne6 17. Qd2 Rc8 18. O-O Qe7 19. Nf2 Rfd8 20. Rfe1 Qc5 21.
Bd3 Ne4 22. Bxe4 dxe4 23. Bd6 Qf5 24. fxe4 Bxe4 25. Qb4 Bc2 26. Rd2 Qa5 27.
Qxa5 bxa5 28. e4 Rc6 29. e5 f5 30. Nd1 Bxd1 31. Rexd1 Rdc8 32. g3 Kf7 33. Kf2
Kg6 34. Re2 Rc4 35. Rd5 a4 36. Bb4 f4 37. Rd6 fxg3+ 38. hxg3 Kf5 39. Bc3 R8c6
40. Kg2 Kg4 41. Rxc6 Rxc6 42. Re4+ Kf5 43. Rxa4 a6 44. g4+ Kg6 45. Kf3 h5 46.
gxh5+ Kf5 47. h6 Nf8 48. Ra5 Nh7 49. e6+ Kxe6 50. Kg4 Kf7 51. Kh5 g4 52. Rf5+
Ke7 53. Rf4 g3 54. Rg4 Rc5+ 55. Kh4 Rc6 56. Rg7+ Kf8 57. Rxh7 g2 58. Bb4+ Ke8
1-0

[Event "BL 8990 Lasker-Sindelfingen"]
[Site "?"]
[Date "1990.??.??"]
[Round "?.4"]
[White "Lehmann, K."]
[Black "Kraut, R."]
[Result "1/2-1/2"]
[WhiteElo "2305"]
[BlackElo "2380"]
[PlyCount "75"]
[EventDate "1990.??.??"]

1. e4 c5 2. c3 Nf6 3. e5 Nd5 4. d4 cxd4 5. Nf3 e6 6. cxd4 d6 7. Nc3 Nxc3 8.
bxc3 Qc7 9. Qc2 Nd7 10. Bf4 dxe5 11. Bxe5 Nxe5 12. Nxe5 Bd6 13. Bb5+ Kf8 14. f4
b6 15. O-O g6 16. Rae1 Bb7 17. Re3 Kg7 18. Ba4 Rac8 19. Bb3 Rhe8 20. Rh3 Qe7
21. Qd2 f5 22. Re1 Rc7 23. Nf3 Bxf3 24. Rxf3 Qf6 25. g3 Rce7 26. Kg2 h6 27. h4
Kf8 28. Qd3 Kg7 29. Rh1 Rg8 30. Re3 Rge8 31. Qe2 g5 32. hxg5 hxg5 33. fxg5 Qxg5
34. Qh5 Qxe3 35. Qh7+ Kf8 36. Qh8+ Kf7 37. Qh7+ Kf8 38. Qh8+ 1/2-1/2

[Event "BL 8990 Lasker-Sindelfingen"]
[Site "?"]
[Date "1990.??.??"]
[Round "?.5"]
[White "Werner, Marc"]
[Black "Maxion, D."]
[Result "0-1"]
[WhiteElo "2360"]
[BlackElo "2210"]
[PlyCount "56"]
[EventDate "1990.??.??"]

1. e4 c5 2. Nf3 d6 3. d4 cxd4 4. Nxd4 Nf6 5. Nc3 a6 6. Bc4 e6 7. Bb3 Nbd7 8. f4
Nc5 9. f5 Be7 10. Qf3 Bd7 11. Be3 Qc8 12. g4 h5 13. h3 d5 14. fxe6 fxe6 15.
exd5 Nxb3 16. axb3 Nxd5 17. Nxd5 Bh4+ 18. Kd2 exd5 19. g5 Qc7 20. Bf4 Qc5 21.
Qe3+ Qe7 22. Qd3 O-O 23. Be3 Bxg5 24. Rae1 Rae8 25. Bxg5 Qxg5+ 26. Kc3 Qh4 27.
Re3 Re4 28. Rhe1 Rc8+ 0-1

[Event "BL 8990 Lasker-Sindelfingen"]
[Site "?"]
[Date "1990.??.??"]
[Round "?.6"]
[White "Meier, V."]
[Black "Bialas, W."]
[Result "1-0"]
[WhiteElo "2240"]
[BlackElo "2370"]
[PlyCount "91"]
[EventDate "1990.??.??"]

1. e4 c5 2. Nf3 Nc6 3. Bb5 Qb6 4. Nc3 e6 5. O-O Nge7 6. Re1 Nd4 7. Bf1 Nec6 8.
Nxd4 cxd4 9. Nb1 Be7 10. d3 O-O 11. Nd2 e5 12. Nc4 Qc7 13. a4 f5 14. c3 f4 15.
Bd2 d6 16. b4 Be6 17. b5 dxc3 18. Bxc3 Nd4 19. Bxd4 exd4 20. Rc1 Qd7 21. Be2
Rac8 22. h3 Rc5 23. Bg4 Rg5 24. Bxe6+ Qxe6 25. Qf3 Bd8 26. Re2 Rf6 27. Kh2 Rh6
28. Rec2 Rhg6 29. Nd2 Rxg2+ 30. Qxg2 Rxg2+ 31. Kxg2 Ba5 32. Rc8+ Kf7 33. Nf3
Qg6+ 34. Kf1 Qh5 35. Ke2 h6 36. Rb8 Bc3 37. Rxb7+ Kf6 38. Rg1 g5 39. Rg2 Qe8
40. Rc7 Qe6 41. Rc4 Kg6 42. Nh4+ Kf6 43. Nf5 f3+ 44. Kxf3 Qe5 45. Rg3 Be1 46.
Ke2 1-0

[Event "BL 8990 Lasker-Sindelfingen"]
[Site "?"]
[Date "1990.??.??"]
[Round "?.8"]
[White "Holzapfel, D."]
[Black "Runau, R."]
[Result "0-1"]
[WhiteElo "2275"]
[BlackElo "2335"]
[PlyCount "62"]
[EventDate "1990.??.??"]

1. d4 d5 2. c4 e6 3. Nc3 Nf6 4. Bg5 Be7 5. e3 h6 6. Bh4 O-O 7. Nf3 Ne4 8. Bxe7
Qxe7 9. Rc1 Nc6 10. cxd5 Nxc3 11. Rxc3 exd5 12. Bb5 Nb8 13. Qc2 c6 14. Bd3 Nd7
15. O-O Nf6 16. Rb1 a5 17. b3 Ne4 18. Bxe4 Qxe4 19. Qxe4 dxe4 20. Nd2 Re8 21.
a3 Be6 22. Nc4 Ra6 23. Nd6 Re7 24. b4 Ba2 25. Rbc1 axb4 26. axb4 Bd5 27. Rc5 b6
28. b5 Ra8 29. R5c2 Re6 30. bxc6 Rxd6 31. c7 Rc8 {.../39/} 0-1

[Event "BL 8990 Kirchheim-Lasker"]
[Site "?"]
[Date "1990.??.??"]
[Round "?.3"]
[White "Muse, M."]
[Black "Gschnitzer, O."]
[Result "1/2-1/2"]
[WhiteElo "2415"]
[BlackElo "2405"]
[PlyCount "51"]
[EventDate "1990.??.??"]

1. d4 Nf6 2. Nf3 c5 3. e3 g6 4. Be2 Bg7 5. O-O b6 6. b3 O-O 7. Bb2 Bb7 8. c4
cxd4 9. Nxd4 d5 10. cxd5 Nxd5 11. Nc3 Nxc3 12. Bxc3 Nc6 13. Nxc6 Bxc6 14. Bxg7
Kxg7 15. Rc1 Be4 16. f3 Bf5 17. Ba6 Qxd1 18. Rfxd1 Rad8 19. Kf2 e5 20. Rxd8
Rxd8 21. Ke2 Be6 22. Rc7 Rd7 23. Rc3 Rd8 24. Rc7 Rd7 25. Rc6 Rd8 26. Rc7
1/2-1/2

[Event "BL 8990 Kirchheim-Lasker"]
[Site "?"]
[Date "1990.??.??"]
[Round "?.4"]
[White "Vonthron, H."]
[Black "Lehmann, K."]
[Result "1/2-1/2"]
[WhiteElo "2385"]
[BlackElo "2305"]
[PlyCount "55"]
[EventDate "1990.??.??"]

1. e4 c6 2. c4 d5 3. exd5 cxd5 4. cxd5 Nf6 5. Bb5+ Nbd7 6. Nc3 a6 7. Bxd7+ Qxd7
8. Qb3 b5 9. a4 b4 10. Qxb4 Nxd5 11. Qd4 Bb7 12. Nf3 f6 13. Nxd5 Bxd5 14. O-O
e5 15. Qe3 Rd8 16. d4 Bxf3 17. Qxf3 exd4 18. Qd3 Qb7 19. Qc4 Bb4 20. Bf4 a5 21.
Rac1 Qd5 22. Qe2+ Kf7 23. Rc7+ Rd7 24. Rxd7+ Qxd7 25. Qc4+ Kg6 26. Qd3+ Kf7 27.
Qc4+ Kg6 28. Qd3+ 1/2-1/2

[Event "BL 8990 Kirchheim-Lasker"]
[Site "?"]
[Date "1990.??.??"]
[Round "?.6"]
[White "Biebinger, G."]
[Black "Meier, V."]
[Result "0-1"]
[WhiteElo "2290"]
[BlackElo "2240"]
[PlyCount "161"]
[EventDate "1990.??.??"]

1. c4 c5 2. Nf3 Nc6 3. e3 e6 4. Nc3 Nf6 5. d4 d5 6. cxd5 Nxd5 7. Bd3 cxd4 8.
exd4 Be7 9. O-O O-O 10. Re1 Nxc3 11. bxc3 b6 12. Qe2 Bb7 13. Qe4 g6 14. Bh6 Re8
15. Qg4 Bf6 16. Rad1 Bg7 17. Bxg7 Kxg7 18. Re3 Qf6 19. Rde1 Red8 20. Ng5 Rd5
21. h4 Nd8 22. Rf3 Qe7 23. Rg3 h5 24. Qe2 Rc8 25. Be4 Ra5 26. Bxb7 Nxb7 27. c4
Qd7 28. Rd1 Rf5 29. Rc3 Nd6 30. Rdc1 Ne8 31. Qe3 Nf6 32. f3 Ra5 33. R1c2 Ra4
34. Ne4 Nxe4 35. fxe4 b5 36. cxb5 Rxc3 37. Qxc3 Qxd4+ 38. Qxd4+ Rxd4 39. Rb2
Rxe4 40. g3 Ra4 41. Kf2 Ra3 42. Kg2 f5 43. Kf2 Kf7 44. Kg2 Ke7 45. Kf2 Kf6 46.
Re2 Ra5 47. Rb2 Ke5 48. Kf3 Ra3+ 49. Kg2 Kd5 50. Rc2 Ra5 51. Rd2+ Kc5 52. Re2
Kd6 53. Rb2 Ke5 54. Kf3 Kf6 55. Kg2 g5 56. hxg5+ Kxg5 57. Re2 Rxb5 58. Rxe6
Rb2+ 59. Kf3 Rxa2 60. Re8 Ra3+ 61. Kf2 Ra2+ 62. Kf3 Ra3+ 63. Kf2 a5 64. Rg8+
Kf6 65. Rh8 a4 66. Rxh5 Ra1 67. Rh4 Ke5 68. Kg2 a3 69. Ra4 Kd5 70. Ra5+ Kc4 71.
Rxf5 Rb1 72. Ra5 Kb3 73. Rb5+ Ka2 74. Ra5 Rb4 75. Kf3 Kb3 76. Re5 a2 77. Re3+
Kb2 78. Re1 a1=Q 79. Rxa1 Kxa1 80. g4 Kb2 81. Kg3 0-1

[Event "BL 8990 Kirchheim-Lasker"]
[Site "?"]
[Date "1990.??.??"]
[Round "?.7"]
[White "Paulsen, D."]
[Black "Schindler, W."]
[Result "1/2-1/2"]
[WhiteElo "2295"]
[BlackElo "2295"]
[PlyCount "87"]
[EventDate "1990.??.??"]

1. d4 Nf6 2. c4 g6 3. Nf3 Bg7 4. g3 c6 5. Bg2 O-O 6. O-O d5 7. Qb3 Qb6 8. Nc3
Be6 9. Ng5 dxc4 10. Qa4 Bd7 11. Qxc4 h6 12. Nf3 Be6 13. Qa4 Na6 14. Rd1 Rfd8
15. e4 Bg4 16. Rb1 Qb4 17. Qxb4 Nxb4 18. Rd2 Ne8 19. a3 Na6 20. Ne5 Be6 21. b4
Nd6 22. Bf1 Bxe5 23. dxe5 Nc4 24. Rxd8+ Rxd8 25. b5 Nc5 26. bxc6 bxc6 27. Bxh6
Nxa3 28. Ra1 Nb5 29. Nxb5 cxb5 30. Bxb5 Nxe4 31. h4 Nd2 32. Bf4 Nf3+ 33. Kg2
Nd4 34. Bf1 Bd5+ 35. Kh3 Rd7 36. g4 Nc6 37. Ra6 Rb7 38. Bg3 Nb8 39. Ra5 Be4 40.
Rc5 Nd7 41. Rc8+ Kg7 42. Be2 Nf8 43. Rc3 Ne6 44. Rc4 1/2-1/2

[Event "BL 8990 Sindelfingen-Zehlendorf"]
[Site "?"]
[Date "1990.??.??"]
[Round "?.2"]
[White "Rajkovic, D."]
[Black "Hulak, K."]
[Result "1/2-1/2"]
[WhiteElo "2465"]
[BlackElo "2550"]
[PlyCount "24"]
[EventDate "1990.??.??"]

1. c4 c5 2. Nf3 Nc6 3. g3 g6 4. Nc3 Bg7 5. Bg2 e6 6. O-O Nge7 7. e3 O-O 8. d4
cxd4 9. Nxd4 d5 10. cxd5 Nxd4 11. exd4 Nxd5 12. Nxd5 exd5 1/2-1/2

[Event "BL 8990 Sindelfingen-Zehlendorf"]
[Site "?"]
[Date "1990.??.??"]
[Round "?.3"]
[White "Wockenfuss, K."]
[Black "Fahnenschmidt, G."]
[Result "1/2-1/2"]
[WhiteElo "2405"]
[BlackElo "2405"]
[PlyCount "67"]
[EventDate "1990.??.??"]

1. d4 Nf6 2. Nf3 e6 3. Bg5 d5 4. Nbd2 Be7 5. e3 O-O 6. Bd3 Nbd7 7. c3 b6 8. O-O
c5 9. Ne5 Nxe5 10. dxe5 Nd7 11. Bxe7 Qxe7 12. f4 Bb7 13. Qh5 f5 14. exf6 Nxf6
15. Qh4 Rae8 16. Nf3 g6 17. Ne5 Nd7 18. Qg3 Nxe5 19. fxe5 Kg7 20. h4 Rxf1+ 21.
Rxf1 Rf8 22. Rf4 Rxf4 23. exf4 Bc6 24. h5 Be8 25. a3 Bf7 26. Kf1 Kh6 27. hxg6
Bxg6 28. Ke2 c4 29. Bxg6 hxg6 30. Qh3+ Kg7 31. Kf3 Qf7 32. g4 Qe7 33. Qh2 Qd8
34. Ke3 1/2-1/2

[Event "BL 8990 Sindelfingen-Zehlendorf"]
[Site "?"]
[Date "1990.??.??"]
[Round "?.4"]
[White "Kraut, R."]
[Black "Cladouras, P."]
[Result "1/2-1/2"]
[WhiteElo "2380"]
[BlackElo "2425"]
[PlyCount "25"]
[EventDate "1990.??.??"]

1. e4 e5 2. Nf3 Nc6 3. Bb5 a6 4. Bxc6 dxc6 5. O-O Qd6 6. d3 Ne7 7. Be3 c5 8.
Nbd2 Ng6 9. Qb1 Be7 10. a3 O-O 11. b4 cxb4 12. Nc4 Qf6 13. axb4 1/2-1/2